000 00306nam a22001097a 4500
100 _aKhore, Hussain Bakhah
245 _aDevelopment of Regenerative Breaking System for Bicycle
260 _aNawabshah:
_bQUEST,
_c2016.
300 _a45p. ;
700 _aDepartment of Mechanical Engineering
942 _cTHESIS
999 _c57384
_d57381